Sachitra ankawali (Record no. 10650)

MARC details
000 -LEADER
fixed length control field 00659cam a2200229ua 4500
001 - CONTROL NUMBER
control field 11871
005 - DATE AND TIME OF LATEST TRANSACTION
control field 20260515114817.0
008 - FIXED-LENGTH DATA ELEMENTS--GENERAL INFORMATION
fixed length control field 191114n ii |||gr||||Z||||||eng
040 ## - CATALOGING SOURCE
Transcribing agency MAIN
041 ## - LANGUAGE CODE
Language code of text/sound track or separate title eng
082 ## - DEWEY DECIMAL CLASSIFICATION NUMBER
Classification number 891.4512
100 ## - MAIN ENTRY--PERSONAL NAME
Personal name Narayan Chandra Goswami,
Relator term Editor.
245 ## - TITLE STATEMENT
Title Sachitra ankawali
Statement of responsibility, etc. Edited by Narayan Chandra Goswami
250 ## - EDITION STATEMENT
Edition statement 1st ed. /
Remainder of edition statement V. 1 & 2.
260 ## - PUBLICATION, DISTRIBUTION, ETC.
Place of publication, distribution, etc. Majuli:
Name of publisher, distributor, etc. Narayan Chandra Goswami,
Date of publication, distribution, etc. 2013.
300 ## - PHYSICAL DESCRIPTION
Extent 71p.
653 ## - INDEX TERM--UNCONTROLLED
Uncontrolled term Illustrated manuscript of Ankia Nats
653 ## - INDEX TERM--UNCONTROLLED
Uncontrolled term Arjuna Bhanjana or Dadhi Mathan Naat
653 ## - INDEX TERM--UNCONTROLLED
Uncontrolled term Chordhora Naat
653 ## - INDEX TERM--UNCONTROLLED
Uncontrolled term Ankia nat of Mahapurus Madhabdev
942 ## - ADDED ENTRY ELEMENTS (KOHA)
Koha item type Books
Holdings
Withdrawn status Lost status Damaged status Not for loan Home library Current library Shelving location Date acquired Total checkouts Full call number Barcode Date last seen Copy number Price effective from Koha item type
        Naharkatiya College Library Naharkatiya College Library General stacks 09/19/2020   891.4512 | SAC 26827 09/19/2020 1 09/19/2020 Books
        Naharkatiya College Library Naharkatiya College Library General stacks 09/19/2020   891.4512 | SAC 26828 09/19/2020 2 09/19/2020 Books